It looks like you're offline.
Open Library logo
additional options menu

MARC Record from marc_cca

Record ID marc_cca/b10621386.out:41301002:1084
Source marc_cca
Download Link /show-records/marc_cca/b10621386.out:41301002:1084?format=raw

LEADER: 01084cam 2200337 a 4500
001 50123572
003 OCoLC
005 20040122154011.0
008 020520s2002 enka b 001 0 eng
010 $a2002280975
020 $a047117677X
040 $aUKM$cUKM$dDLC$dPSM$dUOK
042 $alccopycat
049 $aCC9M
050 00 $aNC1001$b.H45 2002
100 1 $aHeller, Steven.
245 10 $aBecoming a graphic designer :$ba guide to careers in design /$cSteven Heller & Teresa Fernandes.
250 $a2nd ed.
260 $aNew York :$bJohn Wiley & Sons,$cc2002.
300 $a336 p. :$bill. ;$c23 cm.
590 $aA library resource for the CCA Career Education Program.
500 $aPrevious ed.: 1999.
504 $aIncludes bibliographical references (p. 335) and index.
650 0 $aCommercial art$xVocational guidance.
650 0 $aGraphic arts$xVocational guidance.
700 1 $aFernandes, Teresa.
810 2 $a[Local series, CCA].$tCareer collection.
907 $a.b10496877$bsf $c-
902 $a080709
998 $b1$c040122$dm$ea$f-$g0
945 $lsfst